A practitioner-led research agenda for local government (Record no. 529091)

000 -LEADER
fixed length control field 01483nam a22001457a 4500
008 - FIXED-LENGTH DATA ELEMENTS--GENERAL INFORMATION
fixed length control field 250220b ||||| |||| 00| 0 eng d
100 ## - MAIN ENTRY--PERSONAL NAME
Personal name Walker, Andrew and Stride, Gregory
245 ## - TITLE STATEMENT
Title A practitioner-led research agenda for local government
260 ## - PUBLICATION, DISTRIBUTION, ETC. (IMPRINT)
Place of publication, distribution, etc Local Government Studies
300 ## - PHYSICAL DESCRIPTION
Extent 50(6), Dec, 2024: p.1182-1190
520 ## - SUMMARY, ETC.
Summary, etc The last 50 years of local government studies have documented extraordinary changes: economic transformations, international democratisation, the digital revolution and the rise of the internet have transformed local government. Looking forward to the next 50 years: climate change, ageing populations, financial pressure, populist politics, will all come home to roost in the day-to-day work of local government. This paper makes the case for building a research agenda around the practical experiences of local policy practitioners. Using our experience from a series of interviews with over sixty local government chief executives, and the example of two research projects built around LGIU’s local authority members network in England, the paper describes the valuable opportunities that come from engaging with local government practitioners for developing and directing research.- Reproduced

https://www.tandfonline.com/doi/full/10.1080/03003930.2024.2411597#abstract
650 ## - SUBJECT ADDED ENTRY--TOPICAL TERM
Topical term or geographic name as entry element Practice, Research, Policymaking, Evidence, Capacity building.
9 (RLIN) 50764
773 ## - HOST ITEM ENTRY
Main entry heading Local Government Studies
942 ## - ADDED ENTRY ELEMENTS (KOHA)
Item type Articles
Holdings
Withdrawn status Lost status Source of classification or shelving scheme Damaged status Not for loan Permanent location Current location Date acquired Serial Enumeration / chronology Barcode Date last seen Koha item type
          Indian Institute of Public Administration Indian Institute of Public Administration 2025-02-20 50(6), Dec, 2024: p.1182-1190 AR135244 2025-02-20 Articles

Powered by Koha